Statistics for Gym & Fitness Abbreviations

Click here to take the quiz!

General Stats

  • This quiz has been taken 341 times
  • The average score is 13 of 20

Answer Stats

HintAnswer% Correct
Tristriceps
94%
Bisbiceps
91%
Hamshamstrings
90%
Carbscarbohydrates
86%
BMIbody mass index
85%
Repsrepetitions
84%
Gymgymnasium
81%
Absabdominal muscles
80%
Bench (verb)bench press
77%
Quadsquadriceps
77%
Cardiocardiovascular excercise
73%
PBpersonal best
69%
PTpersonal trainer
64%
HIIThigh-intensity interval training
63%
ROMrange of motion
49%
W/Oworkout
46%
Latslatissimus dorsi muscles
40%
AMRAPas many reps as possible
31%
BCAAsbranched-chain amino acids
24%
DOMSdelayed-onset muscle soreness
23%

Score Distribution

Percentile by Number Answered

Percent of People with Each Score

Your Score History

You have not taken this quiz